| 000 | 00000nam 2200000zi 4500 |
| 001 | 9.946731 |
| 003 | CaOODSP |
| 005 | 20250110144040 |
| 006 | m o d f |
| 007 | cr bn||||||||| |
| 008 | 250110s1975 nscb o f000 0 eng d |
| 040 | |aCaOODSP|beng|erda|cCaOODSP |
| 043 | |an-cnm--|an-cn-nf |
| 086 | 1 |aEn57-53/2-75E-PDF |
| 100 | 1 |aGates, A. D., |eauthor. |
| 245 | 10|aAgriculture & forestry in the Atlantic provinces / |cby A.D. Gates and B.T. Goldrup. |
| 246 | 3 |aAgriculture and forestry in the Atlantic provinces |
| 264 | 1|aBedford, N.S. : |bScientific Services Unit, Atmospheric Environment Service, Atlantic Region, |c[1975] |
| 300 | |a1 online resource (20 pages) : |bmaps. |
| 336 | |atext|btxt|2rdacontent |
| 337 | |acomputer|bc|2rdamedia |
| 338 | |aonline resource|bcr|2rdacarrier |
| 490 | 1 |aMAES ; |v2-75 |
| 500 | |aDigitized edition from print [produced by Environment and Climate Change Canada]. |
| 520 | |a"Agriculture occupies a significant position in the economy of the three Maritime Provinces. Prince Edward Island is intensively farmed and there are large sections of Nova Scotia and New Brunswick where agriculture is a major contribution to the local economy"--Page [1]. |
| 650 | 0|aForests and forestry|zMaritimes Provinces. |
| 650 | 0|aAgriculture|xClimatic factors|zAtlantic Provinces. |
| 650 | 6|aForesterie|zProvinces maritimes. |
| 650 | 6|aAgriculture|xFacteurs climatiques|zProvinces de l'Atlantique. |
| 710 | 1 |aCanada. |bAtmospheric Environment Service. |bAtlantic Region, |eissuing body. |
| 830 | #0|aMAES ;|v2-75.|w(CaOODSP)9.920183 |
| 856 | 40|qPDF|s2651 KB|uhttps://publications.gc.ca/collections/collection_2025/eccc/en57/En57-53-2-75-eng.pdf |